000 00473nam a2200169Ia 4500
008 131103s9999 xx 000 0 und d
040 _aLoreto College
041 _aEnglish
082 _a824.66/GOL
_bLCLIB(Press)/
245 4 _aThe miscellaneous works of Oliver Goldsmith
260 _aLondon
_bMacmillan
_c1923
300 _alx,693p.
_c 18cm.
650 _aGoldsmith, Oliver - Collection
651 _aEnglish literature
850 _aLCLIB/824.66/GOL
942 _cBK
999 _c24806
_d75285